[Event "GER-ch U14 Girls"]
[Site "Willingen"]
[Date "2021.08.26"]
[Round "5"]
[White "Malmstroem, Eva"]
[Black "Heuberger, Sandra"]
[Result "0-1"]
[WhiteElo "1348"]
[BlackElo "1110"]
[PlyCount "98"]
[EventDate "2021.08.22"]
[EventType "swiss"]
[EventRounds "9"]
[EventCountry "GER"]
[SourceTitle "EXT 2022"]
[Source "ChessBase"]
[SourceDate "2021.10.06"]
[SourceVersion "1"]
[SourceVersionDate "2021.10.06"]
[SourceQuality "1"]

1. e4 e5 2. Bc4 Nf6 3. d3 Be7 4. Nf3 d6 5. h3 0-0 6. Nc3 Be6 7. Bb3 Nc6 8. Be3 d5 9. exd5 Nxd5 10. Nxd5 Bxd5 11. Ba4 Bf6 12. c4 Bxf3 13. gxf3 Nb4 14. Bc2 Re8 15. a3 Nc6 16. Rg1 Ne7 17. Bg5 Nf5 18. Qd2 Nd4 19. Bd1 Bxg5 20. Rxg5 Qf6 21. Rg3 Rad8 22. Be2 Nb3 23. Qc3 Nxa1 24. b4 Nc2+ 25. Qxc2 g6 26. Qc3 Qf4 27. Rg4 Qf5 28. h4 Qh5 29. d4 exd4 30. Rxd4 Qe5 31. Qe3 Qxd4 32. Qxd4 Rxd4 33. c5 Rd3 34. a4 Rxf3 35. Kf1 Rf4 36. b5 Rxa4 37. Bd3 Rxh4 38. c6 bxc6 39. bxc6 a5 40. Bc2 Rc4 41. Bb3 Rb4 42. Bc2 a4 43. Bxa4 Rxa4 44. f4 Rxf4+ 45. Kg2 Re3 46. Kh2 Rf2+ 47. Kg1 Ra2 48. Kf1 Rc3 49. Ke1 Rc1# 0-1

[Event "GER-ch U14 Girls"]
[Site "Willingen"]
[Date "2021.08.26"]
[Round "6"]
[White "Marrufo, Emilia"]
[Black "Malmstroem, Eva"]
[Result "1-0"]
[WhiteElo "1020"]
[BlackElo "1348"]
[PlyCount "107"]
[EventDate "2021.08.22"]
[EventType "swiss"]
[EventRounds "9"]
[EventCountry "GER"]
[SourceTitle "EXT 2022"]
[Source "ChessBase"]
[SourceDate "2021.10.06"]
[SourceVersion "1"]
[SourceVersionDate "2021.10.06"]
[SourceQuality "1"]

1. e4 e5 2. Nf3 Nf6 3. Nxe5 d6 4. Nf3 Nxe4 5. d3 Nf6 6. d4 g6 7. Bd3 Bg7 8. 0-0 0-0 9. Bg5 Nc6 10. c3 Bg4 11. Nbd2 Qd7 12. Qe1 Rfe8 13. Qd1 a6 14. Qb3 Be6 15. Qc2 b5 16. Rae1 Bd5 17. Rxe8+ Rxe8 18. b3 Nh5 19. c4 Nb4 20. Qb1 bxc4 21. Bxc4 Qc6 22. Re1 Rxe1+ 23. Qxe1 Nxa2 24. Qe7 Bxc4 25. Qd8+ Bf8 26. Be7 h6 27. Qxf8+ Kh7 28. bxc4 Qd7 29. Qxf7+ Ng7 30. Nh4 g5 31. Ng6 Qf5 32. Nf8+ Kh8 33. Bf6 Qxf6 34. Qxf6 Kg8 35. c5 Ne8 36. Qe6+ Kxf8 37. Qxa2 dxc5 38. dxc5 Ke7 39. Qxa6 Kd7 40. Qxh6 g4 41. f4 gxf3 42. gxf3 c6 43. f4 Ke7 44. f5 Kf7 45. Qxc6 Ng7 46. Qd7+ Kf6 47. c6 Nxf5 48. c7 Ne7 49. Ne4+ Kg7 50. Qxe7+ Kg6 51. c8Q Kh6 52. Qcf8+ Kg6 53. Qeg7+ Kh5 54. Qfh8# 1-0

[Event "GER-ch U14 Girls"]
[Site "Willingen"]
[Date "2021.08.23"]
[Round "2"]
[White "Malmstroem, Eva"]
[Black "Stepanjan, Marianne"]
[Result "1-0"]
[WhiteElo "1348"]
[BlackElo "1392"]
[PlyCount "111"]
[EventDate "2021.08.22"]
[EventType "swiss"]
[EventRounds "9"]
[EventCountry "GER"]
[SourceTitle "EXT 2022"]
[Source "ChessBase"]
[SourceDate "2021.10.06"]
[SourceVersion "1"]
[SourceVersionDate "2021.10.06"]
[SourceQuality "1"]

1. e4 c5 2. Nf3 d6 3. Bc4 Nf6 4. Ng5 e6 5. d3 h6 6. Nf3 Nbd7 7. Nc3 Be7 8. 0-0 a6 9. a3 b5 10. Ba2 0-0 11. Bf4 Nb6 12. e5 dxe5 13. Nxe5 Bb7 14. Re1 Bd6 15. Nxf7 Rxf7 16. Bxd6 Qxd6 17. Bxe6 Qc6 18. f3 Raf8 19. Qe2 Nbd5 20. Nxd5 Nxd5 21. Bxf7+ Rxf7 22. Qe8+ Qxe8 23. Rxe8+ Rf8 24. Rae1 Kf7 25. Rxf8+ Kxf8 26. Re5 Kf7 27. c4 bxc4 28. dxc4 Kf6 29. Rh5 g6 30. Rxh6 Kg7 31. Rh4 Ne3 32. b4 Nf5 33. Rf4 cxb4 34. axb4 Kf6 35. g4 Ke5 36. gxf5 Kxf4 37. fxg6 Bc8 38. Kg2 Be6 39. c5 Kg5 40. Kg3 Kxg6 41. Kf4 Kf6 42. h4 Bf5 43. h5 Bd7 44. h6 Bc6 45. h7 Kg7 46. Ke5 Bxf3 47. Kd6 Kxh7 48. c6 Kg7 49. c7 Bb7 50. Kd7 Kf6 51. c8Q Bxc8+ 52. Kxc8 Ke6 53. Kb7 Kd7 54. Kxa6 Kc7 55. b5 Kb8 56. Kb6 1-0